| 000 | 00925nam a2200217Ia 4500 | ||
|---|---|---|---|
| 999 |
_c161828 _d161828 |
||
| 003 | LDD | ||
| 005 | 20191127122914.0 | ||
| 008 | 190117s9999 xx 000 0 und d | ||
| 020 | _c₹1000 | ||
| 040 | _cLDD | ||
| 041 | _ahi | ||
| 082 |
_223 _a8H0.3 हि49146 |
||
| 245 | 0 |
_aहिंदी साहित्य कोश _b(पारिभाषिक शब्दावली) _cसंपादक धीरेन्द्र वर्मा |
|
| 260 |
_bज्ञानमंडल लिमिटेड _c2013 _aवाराणसी |
||
| 300 | _a688 | ||
| 650 |
_aहिंदी साहित्य - शब्दावली _99543 |
||
| 700 |
_aवर्मा, धीरेन्द्र _eसंपादक _940 |
||
| 901 | _aSTAR | ||
| 904 | _aReqst by : Satyakam | ||
| 942 |
_2ddc _cH _e23 _h8H0.3 हि49146 |
||